000 00350nam a2200169Ia 4500
100 _aJhamb / L.C
250 _a6
490 _vI
942 _cBK
654 _aTechniques I
245 _aQuantitative techniques I
260 _bEverest Pub.House
_aMumbai
_c1998
082 _a658.4033
_bJHA
300 _a739
546 _aENGLISH
999 _c30541
_d30541